Central Library OPAC University of Rajshahi

Estimates of long-term economic statistics of Japan since 1868 / (Record no. 8800)

MARC details
000 -LEADER
fixed length control field 00707nam a22002177a 4500
001 - CONTROL NUMBER
control field 8800
003 - CONTROL NUMBER IDENTIFIER
rucl marc code BD-RjUL
005 - DATE AND TIME OF LATEST TRANSACTION
control field 20211208234644.0
008 - FIXED-LENGTH DATA ELEMENTS--GENERAL INFORMATION
fixed length control field 140119s1974 xxu||||| |||| 00| 0 eng d
035 ## - SYSTEM CONTROL NUMBER
System control number (BD-RjUL)8845
040 ## - CATALOGING SOURCE
Original cataloging agency BD-RjUL
Language of cataloging eng
Transcribing agency BD-RjUL
Modifying agency BD-RjUL
041 ## - LANGUAGE CODE
Language code of text/sound track or separate title eng
082 04 - DEWEY DECIMAL CLASSIFICATION NUMBER
Edition number 19
Classification number 339.3
Author mark and year EST 1974
245 ## - TITLE STATEMENT
Title Estimates of long-term economic statistics of Japan since 1868 /
Statement of responsibility, etc. Edited by Kazushi Ōkawa; Hitotsubashi Daigaku. Keizai Kenkyūjo.
260 ## - PUBLICATION, DISTRIBUTION, ETC. (IMPRINT)
Place of publication, distribution, etc. Tokyo :
Name of publisher, distributor, etc. Toyo keizai shinposha,
Date of publication, distribution, etc. 1974
300 ## - PHYSICAL DESCRIPTION
Pagination xxi, 262 p. ;
Size 26 cm.
650 #7 - SUBJECT ADDED ENTRY--TOPICAL TERM
Topical term or geographic name as entry element Economic history
Form subdivision Japan.
9 (RLIN) 27357
700 1# - ADDED ENTRY--PERSONAL NAME
Personal name Ōkawa, Kazushi,
Personal name Daigaku, Hitotsubashi,
942 ## - ADDED ENTRY ELEMENTS (KOHA)
Source of classification or shelving scheme Dewey Decimal Classification
Koha item type Books
Holdings
Lost status Source of classification or shelving scheme Damaged status Not for loan Permanent Location Current Location Shelving location Date acquired Source of acquisition Total Checkouts Full call number Date last seen Copy number Koha item type
  Dewey Decimal Classification   Not For Loan Central Library, University of Rajshahi Central Library, University of Rajshahi   25/04/1979 Japan Foundation   339.3 EST 1974 19/01/2014 C-1 Books